[Event "AUT-chT 9899"]
[Site "Austria"]
[Date "1999.??.??"]
[Round "?"]
[White "Lukacs, Peter"]
[Black "Lutz, Christopher"]
[Result "1/2-1/2"]
[WhiteElo "2467"]
[BlackElo "2610"]
[Annotator "Lukacs,P"]
[PlyCount "78"]
[EventDate "1998.??.??"]
[EventType "team"]
[EventRounds "11"]
[EventCountry "AUT"]
[SourceTitle "CBM 069"]
[Source "ChessBase"]
[SourceDate "1999.04.01"]
[SourceVersion "1"]
[SourceVersionDate "1999.04.01"]
[SourceQuality "1"]

1. d4 f5 2. g3 Nf6 3. Bg2 g6 4. c4 Bg7 5. Nc3 O-O 6. Nf3 d6 7. d5 Na6 8. O-O
Qe8 9. Rb1 Bd7 10. b4 c6 11. dxc6 bxc6 12. a3 Nc7 13. Bb2 Ne6 14. e3 Nd8 $5 {
This is an interesting idea in the Dutch Leningrad. Black wants to activate
himself in the [+] by e7-e5.} (14... Qf7 {Van der Sterren-Reinderman, NLD-ch
1996 CBM 48.}) 15. c5 $5 {White wants to fight against ><e5.} (15. Qe2 {
allows Black's activization.} Nf7 16. Rfd1 e5 17. Nd2 e4 18. Nb3 Qe7 19. b5 c5
20. Na5 $6 Qd8 {Now the N has to retreat.} 21. Nb3 Qc7 22. a4 Be6 23. Nd5 Bxd5
24. cxd5 Nd7 25. Bxg7 Kxg7 26. Qb2+ Nfe5 27. Qc3 Qd8 28. Na5 Qf6 $13 {
Beliavsky-Kindermann, Frankfurt rapid 1998}) (15. b5 Rb8 16. a4 a6 $1 17. Nd4 (
17. bxa6 Ra8) 17... cxb5 (17... axb5 18. cxb5 c5 19. Nde2 {/\ Ba1, b6}) 18.
cxb5 axb5 (18... e5 19. Nc6 Nxc6 20. bxc6 Bxc6 21. Qxd6 Bxg2 22. Kxg2 $14) 19.
Ndxb5 (19. axb5 e5 (19... Nf7 20. Ba1 Ng5 21. h4 Nf7 22. Qe2 Ne5) 20. Nc6 Nxc6
21. bxc6 Bxc6 22. Qxd6 Bxg2) (19. Ncxb5 $5 Bc6) 19... Bc6 (19... Nc6 20. Nd5) (
19... Nf7 20. Ba1 Ng5 21. h4 Nf7 22. Qe2 Ne5 23. a5 Bc6 24. Bxc6 Qxc6 25. Nd4
Qc4 26. Qxc4+ Nxc4 27. Ne6 Nxa5 28. Nxf8 Rxf8 $14 {Van der Sterren-Lutz, BL
1996}) 20. Nd5 Nxd5 21. Bxd5+ Bxd5 22. Qxd5+ Qf7 23. Qxf7+ Kxf7 24. Bxg7 Kxg7
$11 {Van der Sterren-Dirr, Schlechter mem. 1996}) 15... d5 ({On} 15... dxc5 {
the main idea was the positional P sacrifice by} 16. Ne5 $1 cxb4 17. axb4 Rb8 (
17... Rc8 18. Qa4 $44) 18. Qa4 Rb7 (18... c5 19. Nxd7 Nxd7 (19... Qxd7 20. bxc5
) 20. b5 $44) 19. Rfd1 $44) 16. Ne5 Nf7 17. Ne2 Ne4 (17... Nxe5 $2 18. Bxe5 Ne4
19. Qd4 $1 Bxe5 20. Qxe5 Nd2 21. Bxd5+ $1 e6 22. Ba2 $16) 18. f4 $5 (18. Nxd7
Qxd7 19. Bxg7 Kxg7 $13) (18. Nxf7 Rxf7 $1 {This is more precise than} (18...
Qxf7 19. Bxg7 Qxg7 (19... Kxg7 20. f3 Ng5 (20... Nf6 21. Qd4) 21. Qd4+ Qf6 22.
f4 $14 {controlling the dark squares.}) 20. f3 Ng5 (20... Nf6 21. Qd4 Rfe8 22.
Qe5 {invading the vital ><e5.}) 21. b5 $1 cxb5 22. f4 Ne4 (22... Nf7 23. Bxd5
Rad8 24. Qb3) 23. Bxe4 $1 fxe4 24. Qxd5+ e6 25. Qd6 $16) 19. Bxg7 Rxg7 $13 {
/\ e5}) 18... Nxe5 19. Bxe5 Bxe5 20. fxe5 Ng5 21. Nf4 (21. b5 e6 $13) (21. Nd4
e6 $13) (21. Nc3 $5 {was an interesting alternative.} e6 22. a4 Qb8 23. Qd4 a6
$1 (23... Nf7 {allows a nice tactical breakthrough in the [+] :} 24. e4 $1 Qxe5
(24... fxe4 25. Nxe4 Qxe5 (25... dxe4 26. Qxd7 Qxe5 27. Qxc6 $16) (25... Nxe5
$2 26. Nf6+ $18) 26. Nf6+ Kh8 (26... Kg7 27. Qh4) 27. Qh4 $14) 25. Qxe5 Nxe5
26. exd5 exd5 27. Nxd5 $1 cxd5 28. Bxd5+ Kg7 29. Bxa8 Rxa8 30. b5 {with a
favourable _|_ for White, the phalanx looks rather dangerous.}) 24. e4 Nxe4 (
24... fxe4 25. Rxf8+ Qxf8 (25... Kxf8 26. Nxe4 dxe4 27. Qxd7 Qxe5 28. Rf1+ Kg8
29. Qxc6 Rd8 30. h4 $1) 26. Nxe4 $16) 25. Bxe4 fxe4 26. Rxf8+ Kxf8 $1 {The Q
has to keep an eye on P e5.} (26... Qxf8 27. Nxe4 $16) 27. Nxe4 dxe4 28. Qxd7
Qxe5 29. Rf1+ Kg8 30. Qxc6 Rd8 $132) 21... e6 22. Qd2 (22. Qd4 a5 $1 $132)
22... Nf7 23. Qc3 Qb8 24. Nd3 a5 $1 25. a4 axb4 26. Rxb4 Qc7 27. Ra1 Qa5 $1 {
blockading the o^.} (27... Rfb8 28. Rxb8+ Rxb8 29. a5) (27... Bc8 28. Rb6 $1
Ba6 29. Nb4 $16) 28. Qd4 Ra7 (28... Bc8 $6 29. Rb6 $1) 29. Rab1 $6 {Now White
goes astray.} ({The best was} 29. Rb6 $1 Rfa8 30. Nb4 Nd8 31. Bf1 $14) 29...
Bc8 30. Rb6 $6 ({Again} 30. Bf1 {was necessary.} Ba6 31. Nf4 Bxf1 32. Kxf1 Re8)
30... Qxa4 31. Qxa4 Rxa4 32. Rxc6 Ra3 (32... Ba6 33. Nf4 $1) 33. Bf1 {[#]} Rxd3
$5 {This is an interesting exchange sac in order to activate the black N.} (
33... Ba6 {is inferior due to} 34. Nf4 $1) (33... Ng5 {is strongly met by} 34.
Rb8 Bd7 (34... Ba6 35. Rxf8+ Kxf8 36. Nf4) 35. Rxf8+ Kxf8 36. Rc7) 34. Bxd3
Nxe5 35. Rc7 $1 Nxd3 36. Rb8 Ba6 37. Rb6 Bc8 (37... Ra8 38. Rxe6 Bc4 39. Ree7)
38. Rb8 {Both are satisfied with the repetition of moves, there is no more
chance to play for a win.} Ba6 39. Rb6 Bc8 1/2-1/2

[Event "EU-ch 8th"]
[Site "Dresden"]
[Date "2007.04.04"]
[Round "2"]
[White "Iljin, Artem"]
[Black "Gurevich, Mikhail"]
[Result "1/2-1/2"]
[WhiteElo "2538"]
[BlackElo "2635"]
[Annotator "Marin,M"]
[PlyCount "80"]
[EventDate "2007.04.03"]
[EventType "swiss"]
[EventRounds "11"]
[EventCountry "GER"]
[SourceTitle "CBM 118"]
[Source "ChessBase"]
[SourceDate "2007.05.31"]
[SourceVersion "1"]
[SourceVersionDate "2007.05.31"]
[SourceQuality "1"]

1. d4 d6 2. Nf3 g6 3. c4 f5 4. Nc3 Nf6 5. g3 Bg7 6. Bg2 O-O 7. O-O Qe8 8. d5
Na6 9. Rb1 c6 10. dxc6 bxc6 11. b4 Bd7 12. a3 Nc7 13. Bb2 {Some 15 years ago,
this variation cast serious doubt over the whole Qe8-system of the Leningrad
Dutch. White enjoys a natural development and the positional threat c5,
weakening the dark squares in Black's camp, is quite unpleasant. Black's
coordination is far from perfect yet (for instance, the c7-knight could dream
for a better square) and the c6- and a7-pawns require permanent care. However,
the huge mass of central pawns should not be underestimated. Even if it is not
easy to advance, it certainly offers Black some stability, allowing him to
prepare his kingside operations with relative comfort.} Rb8 {[%csl Yb2][%cal
Rb8b2,Ga7a5] One of the numerous moves that have been tried here. By placing
the rook on the b-file, Black intends to inhibit the thematic break c5 (at
least for a while).} (13... Ne6) (13... Rd8) 14. Ba1 (14. c5 $5 {is in fact
playable.} dxc5 15. bxc5 Ng4 (15... Ne4 $5 16. Nxe4 fxe4 17. Nd4 e3 18. fxe3
Rxf1+ 19. Qxf1 e5 20. Nc2 Ne6 $132 {[%csl Yb2,Yc2,Gc5]}) 16. Ba1 Rxb1 17. Qxb1
e5 18. h3 Nh6 19. Rd1 e4 20. Ng5 Ne6 21. Qa2 Nf7 22. Rxd7 $1 Nexg5 23. Rxa7 Ne6
24. Qc4 {1/2-1/2 Akopian,V (2600)-Malaniuk,V (2635)/Groningen 1993/CBM 039.
The decision to agree to a draw is a bit premature; there is plenty of play
left. Black has certain compensation for the pawn, in view of his advantage of
space in the centre, the perfect regroupment of his pieces and the passivity
of the g2-bishop, but White has no weaknesses and seems to be able to keep
things under control.}) ({The slightly extravagant} 14. Qa4 $5 Ne6 $1 $146 {
[%cal Gg6g5,Ge8h5] was covered in the notes to 1-0 Fridman,D (2572)-Berg,E 
(2527)/Bermuda 2003/CBM 094/[Roiz,M] (34)}) 14... a5 {By undermining the
b4-pawn (and, indirectly, the b5-square) Black takes further preventive
measures against the positional threat c5.} (14... h6 $6 {is too slow.} 15. c5
dxc5 (15... d5 16. Ne5 Ng4 17. Nxd7 Qxd7 18. e4 e6 19. exd5 exd5 20. Ne2 Bxa1
21. Rxa1 Ne6 22. Nd4 Nxd4 23. Qxd4 Nf6 24. Rfe1 $14 {Arbakov,V (2430)-Caspers,
C/Schwaebisch Gmuend 1993/EXT 2001 (1-0, 32)}) 16. bxc5 Rxb1 17. Qxb1 e5 18.
Qb7 $14 Nfd5 $6 19. Nxd5 Nxd5 20. Nxe5 Bxe5 21. Bxe5 Qxe5 22. Qxd7 $16 {
De Boer,G (2420)-Riemens,A/Enschede 1991/EXT 97 (1-0, 35)}) (14... Ng4 $5 {
is the start of an interesting regroupment.} 15. e3 (15. c5 d5 {and the
e5-square is not easy to conquer.}) 15... Nh6 16. Ng5 Bf6 17. h4 Nf7 18. Nxf7
Qxf7 19. Rc1 Be6 (19... Rfc8 $5 {[%cal Yd7e6]}) 20. Qa4 Bxc4 21. Rfe1 Nd5 (
21... d5 22. Qxc6 Rfc8 $11) 22. Qxc6 Nxc3 23. Bxc3 Rbc8 24. Qb7 Bxc3 25. Rxc3
Ba6 $6 (25... e6 26. Rec1 d5 27. Qxf7+ Rxf7) 26. Qxa6 Rxc3 27. Qxa7 e6 28. Qa6
d5 29. a4 $44 {Cvitan,O (2570)-Galdunts,S (2420)/Bad Woerishofen 1994/CBM 039
ext (1-0, 44). Black did not manage to stop the passed pawns in adequate way.})
({SInce Black's worst placed piece is the c7-knight, it certainly makes sense
to initiate a long manoeuvre, aiming to find a more suitable square. At least
this is what Dao believed.} 14... Ne6 15. e3 Nd8 (15... h6 {is not very useful
yet for Black's plan.} 16. Nd4 Nd8 17. Nb3 a6 18. Qe2 e5 19. e4 f4 20. c5 dxc5
21. Nxc5 Ne6 22. N3a4 Ng5 {Priehoda,V (2400)-Dao Thien Hai (2480)/Hungary 1995/
EXT 97 (0-1, 53)}) 16. c5 d5 17. Ne2 Nf7 {[%cal Ye7e5] Black has completed his
regroupment without making any major concession.} 18. Ne5 Ng4 19. Nxd7 Qxd7 20.
Bxg7 Kxg7 21. b5 cxb5 22. Qxd5 Qxd5 23. Bxd5 e5 24. Rfc1 Nf6 $11 {Vakhidov,T 
(2505)-Dao Thien Hai (2550)/Calcutta 2000/CBM 074 ext (0-1, 58). and Black had
a stable position.}) 15. Na4 (15. c5 {is supposedly less efficient now because
after ...d5 followed by the exchange on b4, Black has the excellent b5-square
at his dipsosal.} d5 (15... axb4 16. axb4 dxc5 17. bxc5 Ne6 18. Na4 $14) 16.
Ne5 axb4 17. axb4 e6 (17... Bc8 {[%cal Yc8a6,Ya6b5]} 18. b5 $1 $14 {[%csl Yd5]}
) (17... Ng4 $5 18. Nxg4 fxg4 $132 {[%cal Ye7e5,Yd5d4,Yc7b5]} 19. b5 $6 Nxb5
20. Nxb5 Bxa1 $1 21. Rxa1 Rxb5 $15) 18. Na4 Na8 (18... Qe7 19. Nb6 Be8 {
[%cal Yc7b5]}) 19. Bd4 Ne4 20. Qc1 Rb7 (20... Qe7 {[%cal Ya8c7,Yc7b5,Yd7e8]})
21. Bxe4 fxe4 22. Qb2 Qe7 23. f3 exf3 24. exf3 Nc7 25. Qe2 Nb5 26. Bb2 Rf5 27.
f4 Be8 $14 {/=  Beliavsky,A (2679)-Prakken,G (2265)/Copenhagen 2004/CBM 101
ext (1/2-1/2, 60) Only White can be better here, because of the chronic
passivity of the black light-squared bishop, but Black's position is quite
solid.}) 15... axb4 16. axb4 c5 $5 $146 {Black prevents the planned c4-c5 in
radical way, getting rid of his relative weakness on c6. The price to pay is
quite high, though: White will have a strong passed pawn.} (16... Ne4 17. Bxg7
Kxg7 18. Nd2 Nxd2 19. Qxd2 $14 {Hole,O (2336)-Ferkingstad,S (2239)/Gausdal NOR
2005/TWIC 570 (1-0, 49)}) 17. b5 h6 {The regroupment initiated with this move
looks a bit slow.} (17... Ne6 $5 18. Qd3 (18. e3 g5 $132) 18... f4 19. Nc3 g5
$132) 18. Qd3 Kh7 19. Nd2 Be6 20. Bc3 {[%cal Yc3a5]} f4 $5 {Piket,J (2540)
-Gurevich,M (2640) WchT 2nd Luzern 1989 0-1 A typical pawn sacrifice. Gurevich
successfully carried it out in an older game of his,} 21. gxf4 (21. Ba5 Bf5 {
[%cal Yc7e6]}) 21... Bf5 22. Ne4 ({In this type of situations,} 22. e4 {
is supposed to be avoided, because it weakens the f4-square in chronic way.
Here is a possible continuation:} Bd7 23. f5 Rg8 (23... gxf5 24. e5 $1) 24.
Rfe1 Nh5 $44 {and White cannot stabilise the situation easily.}) 22... Ne6 {
Gurevich concentrates his pieces on the kingside in order to start a massive
attack there.} (22... d5 23. cxd5 Ncxd5 {[%csl Ga4,Yb5,Yf4][%cal Rf5b1] would
be a quicker way to put all Black's pieces to work, leaving White slightly
uncoordinated.}) 23. e3 Nh5 24. Bxg7 Kxg7 25. Nac3 g5 {Without this new pawn
sacrifice, aimed at opening the g-file, Black cannot develop his initiative.}
26. fxg5 Qg6 27. Nd5 {White tries to calm down the position even if this would
mean returning the extra-material.} ({In the event of} 27. gxh6+ Kxh6 28. f4
Rg8 29. Rb2 Ra8 {there would be no clear black threat yet, but White would
find himself under permanent pressure.}) 27... Nxg5 28. Qc3+ e5 $1 (28... Kh7
29. Nxg5+ Qxg5 30. f4 $16) 29. Nxg5 (29. Ne7 $2 Nxe4 $1 30. Qd3 Ng5 $15) 29...
Bxb1 30. Ne6+ Qxe6 31. Rxb1 {Strategically, White has a very enjoyable
position. He has excellent control on light squeares and his b-pawn is very
dangerous. However, his king is not too safe...} Rxf2 $1 $11 32. Kxf2 Qf5+ 33.
Bf3 Qxb1 34. Bxh5 Rf8+ (34... Qh1 35. Bf3 (35. Nf4 Qxh2+ 36. Kf1 (36. Ke1 Ra8
$19) 36... Rf8 $40) 35... Qxh2+ 36. Kf1 Ra8 $44 {The most probable outcome is
a draw by perpetual.}) 35. Bf3 Qh1 36. e4 (36. Nf4 $5) 36... Qxh2+ 37. Ke1 Qg3+
38. Ke2 Qh2+ 39. Ke1 Qg3+ 40. Ke2 Qh2+ 1/2-1/2

[Event "EU-chT (Men) 19th"]
[Site "Warsaw"]
[Date "2013.11.15"]
[Round "7.11"]
[White "Vazquez Igarza, Renier"]
[Black "Bartel, Mateusz"]
[Result "0-1"]
[WhiteElo "2588"]
[BlackElo "2626"]
[Annotator "Marin,M"]
[PlyCount "116"]
[EventDate "2013.11.08"]
[EventType "team-swiss"]
[EventRounds "9"]
[EventCountry "POL"]
[SourceTitle "CBM 158"]
[Source "ChessBase"]
[SourceDate "2014.01.16"]
[SourceVersion "1"]
[SourceVersionDate "2014.01.16"]
[SourceQuality "1"]
[WhiteTeam "Spain"]
[BlackTeam "Poland"]
[WhiteTeamCountry "ESP"]
[BlackTeamCountry "POL"]

1. d4 f5 2. g3 Nf6 3. Bg2 g6 4. Nf3 Bg7 5. c4 O-O 6. O-O d6 7. Nc3 c6 8. Rb1
Na6 9. b3 {A natural, but rare and not too ambitious move.} (9. d5 {This is
active, but maybe a bit too committal to really bother Black.} e5 {This is
quite rare, but not refuted yet.} (9... Qe8 10. b3 Bd7 11. Bb2 (11. dxc6 bxc6
12. b4 Nc7 13. b5 Ne6 14. Ng5 Nc5 {1/2 Barsov,A (2465)-Cherniaev,A (2455)/Wijk
aan Zee 1997/EXT 2002}) 11... Rc8 12. Nd4 Qf7 {Damljanovic,B (2555)-Vasiukov,E
(2515)/Vrsac 1989/CBM 015/[ChessBase] (0-1, 36)}) (9... Bd7 10. b3 (10. Be3 Qe8
11. Qb3 Ng4 12. Bd4 Bxd4 13. Nxd4 Nc5 {Karpov,A (2770)-Nikolic,P (2645)/Monte
Carlo 1996/CBM 052 ext (1/2, 28)}) 10... Nc5 11. Bb2 a5 (11... Rc8 {1/2
Ehlvest,J (2660)-Onischuk,A (2605)/Biel 1996/CBM 055/[Johnson,M] (45)}) 12. Nd4
Qe8 {Ehlvest,J (2660)-Nikolic,P (2645)/Yerevan 1996/CBM 053/[Johnson,M] (1/2,
32)}) 10. dxe6 {This seems to be fine for Black.} ({The untested} 10. dxc6 bxc6
11. b4 {deserves attention.}) 10... Bxe6 11. b3 {This position is usually
reached by a different move order.} Qe7 12. Ng5 Bd7 (12... Nc5 13. Qc2 Rad8 14.
Nxe6 Qxe6 15. Bb2 Rfe8 $11 {Burmakin,V (2550)-Beim,V (2535)/Schwarzach 1997/
EXT 1999 (1-0, 64)}) 13. Bb2 Rad8 14. Nh3 Nc5 15. e3 Be6 16. Ng5 Bc8 $11 {
Gomez Esteban,J (2450)-Anguix Garrido,J (2340)/Spain 1993/TD (1/2, 65)}) (9. b4
{looks like the critical move to me.} Ne4 (9... Bd7 10. b5 Nc7 11. a4 (11. bxc6
bxc6 12. c5 {Atalik,S (2584)-Nikolic,P (2631)/Valjevo 2007/CBM 119/[Atalik,S] 
(1-0, 53)}) 11... Rc8 12. Qb3 Ne6 13. Rd1 Kh8 14. Ng5 h6 15. Nxe6 Bxe6 16. d5
$5 {Shimanov,A (2639)-Bartel,M (2619)/Legnica 2013/CBM 155 (1-0, 33)}) (9...
Nc7 10. Qb3 Kh8 11. Rd1 Be6 12. b5 Nxb5 13. Ng5 Bg8 14. Nxb5 cxb5 15. Qxb5 h6
16. Nf3 Rc8 17. Nd2 b6 $11 {Girya,O (2437)-Muzychuk,A (2594)/Belgrade 2013/CBM
155 Extra (1/2, 60)}) 10. Nxe4 (10. Qb3 Nxc3 11. Qxc3 {Alterman,B (2595)
-Nikolic,P (2655)/Pula 1997/CBM 057 ext/[Alterman,B] (1-0, 30)}) 10... fxe4 11.
Nd2 (11. Ng5 {Porfiriadis,S (2340)-Onischuk,A (2625)/Heraklio 1997/CBM 062/
[Tyomkin,D] (0-1, 39)}) 11... d5 12. b5 {Beliavsky,A (2620)-Nikolic,P (2670)/
Polanica Zdroj 1996/CBM 055/[Beliavsky] (1-0, 38)}) 9... Ne4 $146 (9... Qe8 10.
d5 {was played in Barsov,A (2465)-Cherniaev,A (2455)/Wijk aan Zee 1997/EXT
2002, inserted above by transposition.}) 10. Bb2 ({With the pawn on b3 
(meaning that b4-b5 is only a remote threat),} 10. Nxe4 fxe4 {is not dangerous
for Black:} 11. Ng5 (11. Nd2 d5) 11... d5) 10... Qa5 {A double edged
continuation. The early queen development risks backfireing at any moment.} (
10... Nac5 $5 11. Qc2 Nxc3 12. Bxc3 Ne4 13. Ba1 Qc7 14. Rfd1 (14. Ne1 {does
not really threaten to win a pawn on e4 in view of ...Bf5, winning the
exchange. So Black may continue with his plan:} e5) 14... e5 15. c5 $5 exd4 16.
cxd6 Qxd6 17. Bxd4 Qe7 {Black does not seem to have big problems.}) 11. Qe1 $1
(11. Qc1 $5 {would parry} Nb4 $2 {in view of} 12. a3 $16 {But maybe it makes
no sense to parry it at all? See below.}) 11... Nb4 $6 (11... Bd7 12. Nxe4 Qxe1
13. Nxe1 $1 fxe4 14. Bxe4 $16) (11... Nf6 $5 {looks safest, even though this
was not what Black intended in the first place.}) 12. Nxe4 $6 (12. a3 $2 Nc2
$17) (12. Na4 $1 {[%cal Ga2a3] would have left Black's pieces misplaced.} b5 (
12... c5 13. dxc5 dxc5 14. Bxg7 Kxg7 15. Ne5 Qc7 16. Nd3 $36) 13. a3 bxa4 14.
axb4 Qb6 (14... Qa6 15. Ra1 $16) 15. bxa4 $16) 12... fxe4 13. Nh4 g5 $5 (13...
Qb6 {[%cal Gb4a2,Gg6g5,Gb4c2,Gc2d4]}) 14. Ng6 {This offers Black easy play.} ({
The critical continuation was} 14. a3 gxh4 15. Bxe4 (15. axb4 Qf5 $11) 15...
Qh5 16. axb4 {White has won a pawn, but Black's attack should not be
underestimated.} Bh3 17. Bg2 hxg3 18. hxg3 (18. fxg3 Bxg2 19. Kxg2 Rxf1 20.
Qxf1 Qg6 $44) 18... Rf6 19. f4 Rh6 20. Qf2 Bg4 21. Rfe1 e5 $44) 14... hxg6 15.
a3 Qb6 16. Qxb4 Bxd4 17. Qxb6 Bxb6 18. Bxe4 Bf5 $1 {Black improves his pawn
structure by force.} 19. Bxf5 (19. Bd3 Bh3 20. Bxg6 Bxf1 21. Rxf1 {would be a
promising positional sacrifice if it was not for} Rxf2 $1 22. Rxf2 Rf8 $19)
19... gxf5 $15 {Black has achieved a dream position, with a compact mass of
pawns and soon some space advantage in the centre.} 20. Kg2 e5 21. b4 Kf7 22.
Bc1 g4 23. c5 Bc7 24. cxd6 Bxd6 25. Rh1 Rh8 26. h3 gxh3+ 27. Rxh3 Rxh3 28. Kxh3
b5 29. Be3 (29. Bd2 a5 30. Rc1 {looks more to the point, even though} Rc8 {
keeps some tension.} (30... axb4 31. Bxb4 $1 $11)) 29... a5 30. Rd1 $6 {
This offers Black a tempo for centralising.} (30. Rc1 axb4 31. axb4 Ra6 32. Bc5
Ke6 33. Bxd6 Kxd6 34. Kh4 Ra2 35. f4 Rxe2 36. Kg5 $132) 30... Ke7 31. Rc1 axb4
32. axb4 Ra6 33. Bc5 Ra2 34. Bb6 (34. e4 fxe4 35. Be3 {would have been a
better chance.}) 34... Rxe2 35. Rxc6 Bxb4 36. g4 fxg4+ 37. Kxg4 Kd7 38. Rc1 Bd6
{Despite the reduced material, White faces an unpleasant defence.} 39. Kf3 (39.
Kf5 {looks more active, preventing ...Ke6.}) 39... Rb2 40. Ke4 Ke6 41. Bc5 $2 {
White gives up the chance of reaching a R vs R + B ending.} Bxc5 42. Rxc5 Rb4+
43. Kd3 Kd6 44. Rc8 Rd4+ 45. Kc3 Rf4 46. Rd8+ Kc5 47. Rd2 {Passive, but what
else?} (47. Rc8+ Kd5 48. Rb8 Rf3+ 49. Kd2 Rxf2+ 50. Ke3 Rb2 $19) 47... Rf3+ 48.
Kb2 e4 49. Kc2 Kc4 50. Re2 Kd4 51. Kb2 b4 52. Rc2 Rd3 53. Re2 Ke5 54. Kc1 Kf4
55. Ra2 Kf3 56. Ra4 Rd4 57. Ra2 b3 58. Ra3 Kxf2 0-1

[Event "RUS-ch m1-2"]
[Site "Elista"]
[Date "1997.05.20"]
[Round "1.2"]
[White "Filippov, Valerij"]
[Black "Vyzmanavin, Alexey"]
[Result "1/2-1/2"]
[WhiteElo "2510"]
[BlackElo "2585"]
[Annotator "Meulders,R"]
[PlyCount "43"]
[EventDate "1997.05.19"]
[EventType "k.o."]
[EventRounds "6"]
[EventCountry "RUS"]
[SourceTitle "CBM 059"]
[Source "ChessBase"]
[SourceDate "1997.08.01"]
[SourceVersion "1"]
[SourceVersionDate "1997.08.01"]
[SourceQuality "1"]

1. Nf3 f5 2. c4 Nf6 3. g3 g6 4. Bg2 Bg7 5. O-O O-O 6. Nc3 d6 7. d4 Qe8 8. Re1
Qf7 9. b3 Ne4 10. Bb2 Nc6 11. Rc1 h6 12. d5 Nb4 13. Nd4 c5 (13... Nxc3 14. Rxc3
Nxa2 15. Re3 Nb4 16. Qd2 Na6 17. Ne6 Bxb2 18. Nxf8 Ba3 19. Ne6 Bb4 20. Qc1 Bxe1
21. Qxe1 Bd7 22. b4 c6 $15) 14. dxc6 Nxc6 15. e3 Bd7 16. Nxe4 fxe4 17. Rf1 Bf5
18. g4 Bd7 19. Bxe4 Kh7 20. h3 Nxd4 21. Bxd4 Bc6 22. Bxc6 {Das Remis ist ein
merkwürdiger Entschluß; 22...bxc6 23.f4 ist doch leicht +/-, oder?} 1/2-1/2